<?xml version="1.0" encoding="UTF-8"?>
<collection xmlns="http://www.loc.gov/MARC21/slim">
 <record>
  <leader>00675pamaa2200181   4500</leader>
  <controlfield tag="001">0000020719</controlfield>
  <controlfield tag="005">20060523090000.0</controlfield>
  <datafield tag="020" ind1="0" ind2="0">
   <subfield code="a">1856191753 </subfield>
  </datafield>
  <datafield tag="082" ind1=" " ind2=" ">
   <subfield code="a">940.54 LOT 1992</subfield>
  </datafield>
  <datafield tag="090" ind1="0" ind2="0">
   <subfield code="a">D762.P3 </subfield>
   <subfield code="b">LOT 1992</subfield>
  </datafield>
  <datafield tag="100" ind1="1" ind2="0">
   <subfield code="a">LOTTMAN </subfield>
  </datafield>
  <datafield tag="245" ind1="1" ind2="4">
   <subfield code="a">The fall of Paris : </subfield>
   <subfield code="b">June 1940  </subfield>
   <subfield code="c">Herbert R. Lottman.</subfield>
  </datafield>
  <datafield tag="260" ind1="0" ind2="0">
   <subfield code="a">London: </subfield>
   <subfield code="b">Sinclair-Stevenson, </subfield>
   <subfield code="c">1992.</subfield>
  </datafield>
  <datafield tag="300" ind1=" " ind2=" ">
   <subfield code="a">430 p., [16] p. of plates :: </subfield>
   <subfield code="b">ill., maps; </subfield>
   <subfield code="c">25cm.</subfield>
  </datafield>
  <datafield tag="504" ind1="0" ind2="0">
   <subfield code="a">Includes bibliographical references (p. [405]-423) and index</subfield>
  </datafield>
  <datafield tag="650" ind1="0" ind2="0">
   <subfield code="a">World War, 1939-1945 -- </subfield>
   <subfield code="x">Campaigns -- </subfield>
   <subfield code="z">France -- </subfield>
   <subfield code="z">Paris </subfield>
  </datafield>
  <datafield tag="650" ind1="0" ind2="0">
   <subfield code="a">World War, 1939-1945 -- </subfield>
   <subfield code="x">Campaigns -- </subfield>
   <subfield code="z">Western Front </subfield>
  </datafield>
  <datafield tag="651" ind1="0" ind2="0">
   <subfield code="a">Paris (France) -- </subfield>
   <subfield code="x">History -- </subfield>
   <subfield code="y">1940-1944 </subfield>
  </datafield>
 </record>
</collection>
